000 00416nam a2200181Ia 4500
001 13811
005 20260306164828.0
008 260306t2012||||xx |||||||||||||| ||spa||
041 _aESP
082 _a005.3
_bM95
100 _aMunshi, Aaftab
_eAUT
245 0 _aOpenCL programming guide
260 _c2012
300 _axliv, 603 páginas :
_c
650 _aGEN
654 _aCCC
942 _cLIB
_dJUS
_fJUS
_2ddc
_n
999 _c13811
_d13811